International financial management (Record no. 8929)

MARC details
000 -LEADER
fixed length control field 00590nam a22001697a 4500
008 - FIXED-LENGTH DATA ELEMENTS--GENERAL INFORMATION
fixed length control field 220407b |||||||| |||| 00| 0 eng d
020 ## - INTERNATIONAL STANDARD BOOK NUMBER
International Standard Book Number 9789352605484
082 ## - DEWEY DECIMAL CLASSIFICATION NUMBER
Classification number 658.15 EUN 2017
100 ## - MAIN ENTRY--PERSONAL NAME
Personal name Eun, Cheol S
245 ## - TITLE STATEMENT
Title International financial management
260 ## - PUBLICATION, DISTRIBUTION, ETC.
Place of publication, distribution, etc. New Delhi :
Name of publisher, distributor, etc. Mc Graw Hill Education Private Limited,
Date of publication, distribution, etc. 2017.
300 ## - PHYSICAL DESCRIPTION
Extent xxii, 547 p.
Dimensions 28 cm.
500 ## - GENERAL NOTE
General note Includes index.
650 ## - SUBJECT ADDED ENTRY--TOPICAL TERM
Topical term or geographic name entry element International finance | International business enterprises--Finance | Financial institutions, International | Foreign exchange
700 ## - ADDED ENTRY--PERSONAL NAME
Personal name Resnick, Bruce G
942 ## - Added entry Elements (Koha)
Source of classification or shelving scheme Dewey Decimal Classification
Holdings
Withdrawn status Lost status Source of classification or shelving scheme Damaged status Not for loan Collection code Home library Current library Shelving location Date acquired Cost, normal purchase price Serial Enumeration / chronology Total Checkouts Full call number Barcode Date last seen Date last checked out Price effective from Koha item type
    Dewey Decimal Classification     Main TEST RTC Library RTC Library Main opac 07/04/2022 599.00 16285 1 658.15 EUN 2017 30015314 28/07/2022 28/07/2022 07/04/2022 Main
Royal Thimphu College || All Right Reserved